[Event "Hamburg-ch Seniors op 13th"]
[Site "Hamburg"]
[Date "2006.11.01"]
[Round "6"]
[White "Hofschroer, Joachim"]
[Black "Deck, Bernhard"]
[Result "0-1"]
[WhiteElo "1497"]
[BlackElo "1606"]
[PlyCount "54"]
[EventDate "2006.10.27"]
[EventType "swiss"]
[EventRounds "9"]
[EventCountry "GER"]
[SourceTitle "EXT 2022"]
[Source "ChessBase"]
[SourceDate "2021.10.06"]
[SourceVersion "1"]
[SourceVersionDate "2021.10.06"]
[SourceQuality "1"]

1. Nf3 d5 2. g3 Nc6 3. d4 Bf5 4. Bg2 h6 5. 0-0 e6 6. Re1 Nf6 7. c3 Bd6 8. Nfd2 0-0 9. e4 dxe4 10. Nxe4 Nxe4 11. Bxe4 Bxe4 12. Rxe4 Ne7 13. Qh5 Qe8 14. Rh4 f5 15. Qe2 Rf6 16. Nd2 Ng6 17. Rh3 e5 18. Nf3 exd4 19. Qc4+ Qf7 20. Qxd4 c5 21. Qa4 a6 22. Be3 f4 23. Bd2 fxg3 24. Nh4 gxh2+ 25. Kh1 Qd5+ 26. Nf3 Rxf3 27. c4 Qf7 0-1

[Event "Hamburg Seniors op 12th"]
[Site "Hamburg"]
[Date "2005.11.03"]
[Round "7"]
[White "Raedisch, Peter"]
[Black "Deck, Bernhard"]
[Result "1-0"]
[WhiteElo "1657"]
[BlackElo "1693"]
[PlyCount "79"]
[EventDate "2005.10.28"]
[EventType "swiss"]
[EventRounds "9"]
[EventCountry "GER"]
[SourceTitle "EXT 2007"]
[Source "ChessBase"]
[SourceDate "2006.11.23"]
[SourceVersion "1"]
[SourceVersionDate "2006.11.23"]
[SourceQuality "1"]

1. e4 c6 2. Nf3 g6 3. Bc4 d5 4. exd5 cxd5 5. Bb3 Bg7 6. d4 Nf6 7. c3 0-0 8. Bf4 Nc6 9. Nbd2 Re8 10. h4 e5 11. dxe5 Ng4 12. h5 Ngxe5 13. Nxe5 Nxe5 14. Bxe5 Rxe5+ 15. Kf1 Bf5 16. hxg6 Bxg6 17. Nf3 Rh5 18. Rxh5 Bxh5 19. Qxd5 Qxd5 20. Bxd5 h6 21. Re1 Bg6 22. Re7 Rd8 23. Bb3 Rb8 24. Kg1 Kf8 25. Rc7 a5 26. Nh4 Be5 27. Nxg6+ fxg6 28. Rf7+ Ke8 29. Rh7 Rd8 30. Rxh6 Rd2 31. Rxg6 Bc7 32. Rg8+ Ke7 33. Rg7+ Kd6 34. g4 Rxb2 35. g5 Rb1+ 36. Kg2 Rc1 37. c4 Re1 38. g6 Bd8 39. Rxb7 Re7 40. g7 1-0

[Event "Schleswig Holstein-ch Seniors 60th"]
[Site "Germany"]
[Date "2005.10.16"]
[Round "9"]
[White "Deck, Bernhard"]
[Black "Nickel, Juergen"]
[Result "1-0"]
[WhiteElo "1647"]
[BlackElo "1769"]
[PlyCount "67"]
[EventDate "2005.10.10"]
[EventType "swiss"]
[EventRounds "9"]
[EventCountry "GER"]
[SourceTitle "EXT 2010"]
[Source "ChessBase"]
[SourceDate "2010.11.25"]
[SourceVersion "1"]
[SourceVersionDate "2010.11.25"]
[SourceQuality "1"]

1. d4 f5 2. c4 Nf6 3. Nc3 g6 4. Bg5 Bg7 5. f3 0-0 6. Qd2 d6 7. 0-0-0 c6 8. e4 fxe4 9. fxe4 Qc7 10. Nf3 Nbd7 11. Bh6 b5 12. Bxg7 Kxg7 13. Ng5 Nb6 14. cxb5 cxb5 15. Bxb5 h6 16. e5 Nfd5 17. exd6 exd6 18. Nge4 Bf5 19. Bd3 Nb4 20. Bb1 Rac8 21. Rde1 Na4 22. Kd1 Bg4+ 23. Ne2 Rfe8 24. Nf2 Be6 25. Qxb4 Bxa2 26. Qxa4 Bxb1 27. Nc3 Rf8 28. Nfe4 Bxe4 29. Rxe4 Qb7 30. Qc2 Qa6 31. Re7+ Kh8 32. Qxg6 Rf1+ 33. Rxf1 Qxf1+ 34. Re1 1-0